Skoki Narciarskie - Medaliści Mistrzostw Świata z Finlandii - Statystyki

Ogólne statystyki
  • Ten quiz został rozwiązany 41 razy
  • Średni wynik to 4 z 8
Statystyki odpowiedzi
Z S B Skoczek % Poprawnych
2x 3x 2x Janne Ahonen
100%
1x 3x - Matti Hautamaki
82%
- 1x - Harri Olli
71%
- 3x - Risto Jussilainen
56%
1x 1x - Tami Kiuru
38%
1x - - Arttu Lappi
32%
- 2x - Ville Kantee
29%
- 1x - Jani Soininen
26%
Nie znaleziono quizów pasujących do podanych kryteriów
Rozkład punktacji
Procent ludzi z każdym wynikiem
Percentyl według liczby udzielonych odpowiedzi
Twoja historia wyników
Nie rozwiązałeś tego quizu